000 01092nam a2200229Ia 4500
003 Ost
005 20260507075739.0
008 260507s9999||||xx |||||||||||||| ||und||
020 _a9772872722
040 _cfsecg
041 _aara
082 _a302.23
100 _aشومان، محمد
_eمؤلف
245 0 _aالاعلام والازمات :
_bمدخل نظري وممارسات عملية /
_c محمد شومان
260 _aالقاهرة:
_bدار الكتب العلمية للنشر والتوزيع,
_c2002
300 _a191 صفحة؛
_bإيضاحات ؛
_c24 سم
504 _aالمراجع ص.186
520 _aالمفاهيم والأطر النظرية لإدارة الأزمة،الإعلام ومواجهة الأزمات والكوارث،الإعلام والتصدي للشائعات،اشكاليات في مسار تطور بحوث اعلام الأزمات والكوارث،الصحافة وإدارة الأزمات والكوارث(ممارسة بحثية).
653 _aادارة الازمات
653 _aالاعلام
942 _cكتاب
999 _c46126
_d46126